000 00655nam a22001937a 4500
005 20251108165415.0
008 250721s9999 xx 000 0 ara d
082 1 4 _aم/213.15/شاة
100 1 _aإبن شاهين، أبو حفص عمر بن أحمد
245 1 0 _aناسخ الحديث و منسوخة /
264 1 _aطرابلس (ليبيا) :
_bدار الحكمة،
_c[19-].
300 _a325ص
650 1 7 _aالإسلام
650 1 7 _aالحديث الشريف
650 1 7 _aالحديث الناسخ و المنسوخ
700 1 _aالغرباني، الصادق عبد الرحمن
_eتحقيق
942 _2ddc
_cREF
999 _c27153
_d27153